Punasinivalkoiset liput - Äkkikuolema - Statistics

Yleistilastot
  • Tätä visaa on pelattu 2 666 kertaa
  • Keskiarvotulos 7 / 17
Answers on the Grid
Answers color-coded by a green-red scale on the quiz's grid according to % correct below.
Australia
Brasilia
Costa Rica
Espanja
Etelä-Afrikka
Etelä-Korea
Filippiinit
Guatemala
Haiti
Intia
Irlanti
Islanti
Italia
Kuuba
Liberia
Montenegro
Nepal
Nicaragua
Norja
Panama
Papua-Uusi-Guinea
Pohjois-Korea
Ranska
Ruotsi
Samoa
Slovakia
Taiwan
Thaimaa
Venäjä
Yhdistynyt kuningaskunta
Yhdysvallat
Zimbabwe
 
Vastaustilastot
Vastaus % Oikein
Australia
81%
Costa Rica
59%
Venäjä
51%
Ranska
50%
Yhdysvallat
48%
Islanti
47%
Norja
45%
Yhdistynyt kuningaskunta
45%
Slovakia
39%
Thaimaa
38%
Pohjois-Korea
29%
Kuuba
27%
Panama
26%
Nepal
20%
Liberia
16%
Taiwan
16%
Samoa
13%
Ehtoja vastaavia visoja ei löytynyt
Tulosjakauma
Jokaisen tuloksen saaneiden osuus
Persentiili vastausten määrän mukaan
Tuloshistoriasi
Et ole pelannut tätä visaa